[Event "Titled Tue 27th May Early"]
[Site "chess.com INT"]
[Date "2025.05.27"]
[Round "8"]
[White "Kosakowski, Jakub"]
[Black "Toktomushev, Teimur"]
[Result "0-1"]
[WhiteTitle "GM"]
[BlackTitle "FM"]
[WhiteElo "2530"]
[BlackElo "2398"]
[WhiteFideId "1185080"]
[BlackFideId "14176726"]
[EventDate "2025.05.27"]

1. e4 c5 2. Nf3 e6 3. d4 cxd4 4. Qxd4 Nc6 5. Qe3 Nf6 6. Nc3 Qc7 7. Bd2 Be7 8. h3
d6 9. O-O-O O-O 10. g4 Nd7 11. Kb1 Nde5 12. Ne1 a6 13. f4 Nd7 14. g5 b5 15. h4
Nb6 16. Bd3 b4 17. Ne2 d5 18. h5 Nc4 19. Bxc4 dxc4 20. g6 fxg6 21. hxg6 h6 22.
Nf3 Rb8 23. Bc1 b3 24. cxb3 cxb3 25. a3 Na5 26. Ned4 Nc4 27. Qe2 e5 28. fxe5 Bg4
29. Rhg1 Nxe5 30. Rxg4 Nxg4 31. Rd3 Rfc8 32. Rc3 Qb7 33. Bd2 Qd7 34. Nf5 Rxc3
35. Bxc3 Bf6 36. N3d4 Rc8 37. Qxa6 Bxd4 38. Nxd4 Re8 39. Qc4+ Kh8 40. Qxb3 Rxe4
41. Nf5 Nf6 42. Bxf6 Qxf5 43. Ka2 gxf6 44. Qb7 Qe6+ 45. b3 Qe7 46. Qb8+ Kg7 47.
Qg3 Re2+ 48. Kb1 Qe4+ 49. Kc1 Qc2# 0-1

[Event "Titled Tue 27th May Early"]
[Site "chess.com INT"]
[Date "2025.05.27"]
[Round "8"]
[White "Lai, Duc Minh"]
[Black "Dubnevych, Maksym"]
[Result "0-1"]
[BlackTitle "FM"]
[WhiteElo "2072"]
[BlackElo "2292"]
[WhiteFideId "12420387"]
[BlackFideId "14184001"]
[EventDate "2025.05.27"]

1. e4 c5 2. Nc3 Nc6 3. Bb5 Nd4 4. Nf3 e6 5. O-O a6 6. Bd3 Nc6 7. b3 g5 8. Bb2
Bg7 9. Na4 Bxb2 10. Nxb2 g4 11. Ne1 h5 12. c3 d6 13. Bc2 e5 14. Bd3 Nge7 15. Nc2
Ng6 16. Bc4 Nce7 17. d4 b5 18. dxe5 Nxe5 19. Bd5 Nxd5 20. Qxd5 Be6 21. Qd2 Rg8
22. Qf4 Qh4 23. Rad1 O-O-O 24. Ne3 Qg5 25. Qxg5 Rxg5 26. Rd2 Kc7 27. Rfd1 h4 28.
Nd5+ Bxd5 29. Rxd5 f5 30. exf5 Rxf5 31. Nd3 Nf3+ 32. gxf3 Rxd5 33. fxg4 c4 34.
bxc4 bxc4 35. Nb2 Rxd1+ 36. Nxd1 Rb8 37. Ne3 Rb2 38. a3 Rb3 39. Nxc4 Rxc3 40.
Ne3 Rxa3 41. g5 Kd7 42. g6 Ke6 43. Nf5 h3 44. Kf1 Ra1+ 45. Ke2 Rh1 46. g7 Kf7
47. Nxd6+ Kxg7 48. Nb7 Rxh2 49. Kf3 Rh1 50. Kg3 h2 51. Nd8 Rd1 52. Ne6+ Kf6 53.
Kxh2 Kxe6 0-1

[Event "Titled Tue 27th May Early"]
[Site "chess.com INT"]
[Date "2025.05.27"]
[Round "8"]
[White "Khodashenas, Mersad"]
[Black "Kravtsiv, Martyn"]
[Result "1-0"]
[WhiteTitle "IM"]
[BlackTitle "GM"]
[WhiteElo "2471"]
[BlackElo "2598"]
[WhiteFideId "12514195"]
[BlackFideId "14113147"]
[EventDate "2025.05.27"]

1. e4 e5 2. Nf3 Nc6 3. Bb5 a6 4. Ba4 Nf6 5. Bxc6 dxc6 6. d3 Qd6 7. Nbd2 Nd7 8.
Nc4 Qe6 9. b3 Bb4+ 10. Bd2 Be7 11. Bc3 f6 12. O-O c5 13. a4 O-O 14. Nh4 Re8 15.
Nf5 Bf8 16. f4 g6 17. fxe5 Nxe5 18. Nxe5 fxe5 19. Ne3 c6 20. a5 Bd7 21. Nc4 Bg7
22. Qd2 Rad8 23. Rf3 Qe7 24. Raf1 Be6 25. Nxe5 Qh4 26. Nc4 Bxc4 27. Bxg7 Kxg7
28. Qc3+ Rd4 29. bxc4 Qe7 30. Qb2 Kg8 31. Rf7 Qxf7 32. Rxf7 Kxf7 33. Qxb7+ Re7
34. Qxc6 Rdd7 35. Qxc5 Ra7 36. Qd5+ Kg7 37. c5 Rab7 38. h4 Rf7 39. c6 Rb1+ 40.
Kh2 Rc1 41. Qe5+ Kg8 42. c7 Rxc2 43. Qe8+ Rf8 44. Qe6+ Kh8 45. Qe5+ Kg8 46. d4
h5 47. d5 Kh7 48. d6 Rff2 49. Qe7+ Kh6 50. Qg5+ Kg7 51. d7 1-0

[Event "Titled Tue 27th May Early"]
[Site "chess.com INT"]
[Date "2025.05.27"]
[Round "8"]
[White "Madhesh Kumar S"]
[Black "Burmakin, Evgeniy"]
[Result "1-0"]
[WhiteTitle "CM"]
[BlackTitle "FM"]
[WhiteElo "2243"]
[BlackElo "2110"]
[WhiteFideId "25168649"]
[BlackFideId "4163729"]
[EventDate "2025.05.27"]

1. e4 c5 2. Nf3 d6 3. d4 cxd4 4. Nxd4 Nf6 5. Nc3 a6 6. Be2 e5 7. Nb3 Be7 8. Be3
Be6 9. O-O O-O 10. f3 d5 11. exd5 Nxd5 12. Nxd5 Qxd5 13. Qxd5 Bxd5 14. Rfd1 Be6
15. Nc5 Bc8 16. Na4 Nd7 17. Nb6 Nxb6 18. Bxb6 Be6 19. c3 Rac8 20. Rd2 Rc6 21.
Be3 f5 22. a4 Kf7 23. a5 Bc5 24. Bxc5 Rxc5 25. Kf2 Ke7 26. Ra3 Rd8 27. Rxd8 Kxd8
28. b4 Rd5 29. c4 Rd4 30. Rc3 Kc7 31. b5 Rd2 32. Ke1 Ra2 33. Re3 Kd6 34. c5+ Kd5
35. c6 bxc6 36. b6 Kd6 37. Bxa6 Rxa5 38. Rd3+ Kc5 39. b7 Ra1+ 40. Rd1 Rxa6 41.
b8=Q Rb6 42. Qxe5+ Bd5 43. Qe3+ Kb5 44. Rb1+ 1-0

[Event "Titled Tue 27th May Early"]
[Site "chess.com INT"]
[Date "2025.05.27"]
[Round "8"]
[White "Barwinska, Ewa"]
[Black "Kriti, Mayur Patel"]
[Result "0-1"]
[WhiteTitle "WFM"]
[BlackTitle "WCM"]
[WhiteElo "2014"]
[BlackElo "1695"]
[WhiteFideId "21833761"]
[BlackFideId "35061780"]
[EventDate "2025.05.27"]

1. e4 e5 2. Nf3 Nc6 3. Bb5 a6 4. Ba4 Nf6 5. O-O b5 6. Bb3 Bc5 7. Nxe5 Nxe5 8. d4
Bxd4 9. Qxd4 d6 10. f4 c5 11. Qd1 Bg4 12. Qe1 Nc6 13. e5 dxe5 14. fxe5 Qd4+ 15.
Kh1 Qxe5 16. Qxe5+ Nxe5 17. Re1 Nd7 18. Bf4 f6 19. Bd5 O-O-O 20. Nc3 h5 21. Ne4
g5 22. Bxe5 Nxe5 23. Nxf6 Ng6 24. Nxg4 Rxd5 25. Ne3 Rd2 26. Rad1 Rhd8 27. Kg1
Nf4 28. Kf1 Nxg2 29. Rxd2 Nxe3+ 30. Rxe3 Rxd2 31. Rc3 c4 32. Kg1 Kd7 33. b3 cxb3
34. axb3 Kd6 35. Rg3 g4 36. c4 bxc4 37. bxc4 Rc2 38. Ra3 Rxc4 39. Rxa6+ Kd5 40.
Ra5+ Rc5 41. Ra8 Ke4 42. Kg2 Rc2+ 43. Kg3 Rc3+ 44. Kg2 Kf4 45. Rf8+ Kg5 46. Rg8+
Kh4 47. Rh8 Rc2+ 48. Kg1 Rc5 49. Kg2 Rf5 50. Kg1 Kh3 51. Rh7 Rd5 52. Rb7 Rd1+
53. Kf2 Kxh2 54. Rb5 g3+ 55. Kf3 h4 56. Rb2+ Kh3 57. Rc2 Rf1+ 58. Ke4 g2 59.
Rc3+ Kh2 60. Ke3 g1=Q+ 0-1

[Event "Titled Tue 27th May Early"]
[Site "chess.com INT"]
[Date "2025.05.27"]
[Round "8"]
[White "Bustelo, Tabare"]
[Black "Gutman, Gennadi"]
[Result "0-1"]
[WhiteTitle "CM"]
[BlackTitle "GM"]
[WhiteElo "2043"]
[BlackElo "2445"]
[WhiteFideId "3000362"]
[BlackFideId "14102277"]
[EventDate "2025.05.27"]

1. d4 c6 2. Nc3 d5 3. e4 dxe4 4. f3 e5 5. d5 cxd5 6. Nxd5 Nf6 7. c4 Nxd5 8. cxd5
Bb4+ 9. Kf2 Bc5+ 10. Be3 Bxe3+ 11. Kxe3 Qb6+ 12. Kxe4 f5+ 13. Kd3 O-O 14. Kc2
Qc5+ 15. Kb1 Nd7 16. Ne2 Nb6 17. Nc3 Bd7 18. Qb3 Kh8 19. Be2 Rac8 20. Rd1 Qe3
21. Qc2 h6 22. Qd2 Qc5 23. a3 Ba4 24. Rc1 Qd6 25. Ka2 Bc6 26. Rd1 Bd7 27. b3 Rc7
28. Rac1 Rfc8 29. Bb5 Rxc3 30. Bxd7 Rxc1 31. Rxc1 Qxd7 32. Rd1 Qd6 33. h3 Rd8
34. g4 Nxd5 35. Ka1 e4 36. gxf5 Qe5+ 37. Qb2 Qxb2+ 38. Kxb2 exf3 39. Rf1 Ne3 40.
Rxf3 Nd1+ 41. Kc2 Rd5 42. b4 Rd4 43. h4 b5 0-1

[Event "Titled Tue 27th May Early"]
[Site "chess.com INT"]
[Date "2025.05.27"]
[Round "8"]
[White "Tristan, Leonardo"]
[Black "Baskakov, Egor"]
[Result "1/2-1/2"]
[WhiteTitle "GM"]
[BlackTitle "CM"]
[WhiteElo "2536"]
[BlackElo "2215"]
[WhiteFideId "113816"]
[BlackFideId "24197866"]
[EventDate "2025.05.27"]

1. d4 Nf6 2. Nf3 e6 3. Bf4 Bd6 4. Bg3 O-O 5. Nbd2 Bxg3 6. hxg3 d5 7. e3 Ne4 8.
Nxe4 dxe4 9. Nd2 f5 10. Bc4 g6 11. g4 Kh8 12. gxf5 exf5 13. Qe2 Qf6 14. O-O-O
Be6 15. f3 Bxc4 16. Nxc4 Nc6 17. Rdf1 Rae8 18. Qf2 b5 19. Nd2 exf3 20. gxf3 Qe6
21. Re1 Qxa2 22. Nb3 Na5 23. Qh4 Rf7 24. e4 Nc4 25. exf5 Qxb2+ 26. Kd1 Ne3+ 27.
Rxe3 Rxe3 28. fxg6 Rd3+ 29. cxd3 Qxb3+ 30. Kd2 Qb4+ 31. Kc2 Qa4+ 32. Kb2 Qb4+
33. Kc2 Qa4+ 34. Kd2 Qb4+ 35. Ke3 Qe7+ 36. Qe4 Rg7 37. Rxh7+ Rxh7 38. gxh7 Qxe4+
39. dxe4 Kxh7 40. d5 Kg6 41. Kd4 a5 42. Kc5 a4 43. e5 a3 44. d6 cxd6+ 45. exd6
a2 46. d7 a1=Q 47. d8=Q Qc3+ 48. Kxb5 Qxf3 49. Qg8+ Kf5 50. Qf7+ Kg4 51. Qxf3+
Kxf3 1/2-1/2

[Event "Titled Tue 27th May Early"]
[Site "chess.com INT"]
[Date "2025.05.27"]
[Round "8"]
[White "Mayorau, Mikita1"]
[Black "Marchesich, Giovanni"]
[Result "0-1"]
[WhiteTitle "GM"]
[BlackTitle "CM"]
[WhiteElo "2472"]
[BlackElo "2219"]
[WhiteFideId "13501720"]
[BlackFideId "2824790"]
[EventDate "2025.05.27"]

1. e4 d5 2. exd5 Qxd5 3. Nc3 Qd8 4. Nf3 Bf5 5. Bc4 e6 6. O-O Nf6 7. d4 Nbd7 8.
Be3 Bb4 9. a3 Bxc3 10. bxc3 c6 11. Rb1 Rb8 12. Bd3 Bg6 13. Re1 O-O 14. Bf4 Ra8
15. Rxb7 Nd5 16. Bg3 Nxc3 17. Qd2 Nd5 18. Bxg6 hxg6 19. Rbb1 N7b6 20. Ne5 Rc8
21. c4 Nf6 22. Red1 Nfd7 23. Qa5 Nxe5 24. dxe5 Qc7 25. Rdc1 c5 26. Qe1 Rfd8 27.
Rd1 Nxc4 28. Qc3 Nb6 29. f3 c4 30. Rd6 Nd5 31. Qd4 c3 32. Rc1 c2 33. Qd2 Rxd6
34. exd6 Qc5+ 35. Kh1 Qxa3 36. d7 Rd8 37. Qxc2 Qe7 38. Qa4 Qxd7 39. Qa6 Ne3 40.
h3 Qd2 41. Rg1 Nf5 42. Bh2 Qd4 43. Ra1 Rd7 44. Bg1 Qd5 45. Bxa7 Kh7 46. Qa5 Qxa5
47. Rxa5 g5 48. Kh2 Kg6 49. Bf2 f6 50. g4 Ne7 51. Bg3 e5 52. Bf2 Nd5 53. Kg3 Nf4
54. Ra6 Rd3 55. Ra8 Rd2 56. Ra7 Nd3 0-1

[Event "Titled Tue 27th May Early"]
[Site "chess.com INT"]
[Date "2025.05.27"]
[Round "8"]
[White "Lacasa Diaz, Josep Anton"]
[Black "Herrera Ortiz, Miguel"]
[Result "1-0"]
[WhiteTitle "IM"]
[BlackTitle "IM"]
[WhiteElo "2304"]
[BlackElo "2174"]
[WhiteFideId "2203375"]
[BlackFideId "5100550"]
[EventDate "2025.05.27"]

1. Nf3 Nf6 2. c4 g6 3. Nc3 Bg7 4. e4 d6 5. d4 O-O 6. Be2 e5 7. O-O Nbd7 8. Be3
Qe7 9. Qc2 c6 10. d5 c5 11. Ne1 Kh8 12. a3 Ng8 13. b4 Bh6 14. bxc5 Nxc5 15. Bxc5
dxc5 16. Nd3 b6 17. a4 f5 18. Bf3 f4 19. a5 Rb8 20. axb6 axb6 21. Nb5 g5 22. Qe2
Bg7 23. Ra7 Qd8 24. Rfa1 Bd7 25. Bg4 Bxb5 26. cxb5 Qd6 27. Nb2 c4 28. Nxc4 Qc5
29. Bf5 Nh6 30. Bxh7 f3 31. gxf3 Kxh7 32. Nxe5 Qc3 33. Nd7 Rbc8 34. Nxf8+ Rxf8
35. Rd1 Qc8 36. Qb2 Rg8 37. d6 Qh3 38. Rxg7+ Rxg7 39. Qxg7+ Kxg7 40. d7 Qxf3 41.
d8=Q Qg4+ 42. Kf1 Qh3+ 43. Ke1 Qc3+ 44. Qd2 Qf3 45. Qd4+ Kg6 46. Qd6+ Kh5 47.
Qd4 Ng4 48. Rd3 Qh1+ 49. Kd2 Qb1 50. Rh3+ Kg6 51. Qd6+ Nf6 52. e5 Qb2+ 53. Ke1
Qc1+ 54. Ke2 Qc2+ 55. Kf1 Qc1+ 56. Kg2 Qf4 57. Qxf6+ Qxf6 58. exf6 1-0

[Event "Titled Tue 27th May Early"]
[Site "chess.com INT"]
[Date "2025.05.27"]
[Round "8"]
[White "Kourkoulos-Arditis, Stamatis"]
[Black "Durarbayli, Vasif"]
[Result "0-1"]
[WhiteTitle "GM"]
[BlackTitle "GM"]
[WhiteElo "2580"]
[BlackElo "2612"]
[WhiteFideId "4221990"]
[BlackFideId "13402935"]
[EventDate "2025.05.27"]

1. e4 c5 2. Nf3 d6 3. d4 cxd4 4. Nxd4 Nf6 5. Nc3 Nc6 6. Be2 g6 7. O-O Bg7 8. Nb3
O-O 9. Re1 a5 10. Bb5 Be6 11. h3 Qc8 12. Na4 Rb8 13. Be3 Nxe4 14. Bb6 d5 15.
Nxa5 Nxa5 16. Bxa5 Ra8 17. Bb4 Qc7 18. Qd3 Rfd8 19. c3 Bf5 20. Qf3 e5 21. Rad1
Be6 22. Qe3 f5 23. Qb6 Qf7 24. f3 Ng3 25. Nc5 Bd7 26. Nxd7 Rxd7 27. Bxd7 Qxd7
28. Qd6 Qxd6 29. Bxd6 Rxa2 30. Bxe5 Bxe5 31. Rxe5 Rxb2 32. Rexd5 Ne2+ 33. Kh2
Nxc3 34. Rd8+ Kg7 35. R1d7+ Kf6 36. Rxh7 Ne2 37. Rf8+ Ke5 38. Re7+ Kd6 39. Rxe2
Rxe2 40. Rf6+ Re6 41. Rf8 b5 42. Rb8 Kc5 43. Kg3 b4 44. Kf4 Rb6 45. Rc8+ Kd4 46.
Rc1 b3 47. Kg5 b2 48. Rb1 Ke3 49. h4 f4 50. Rxb2 Rxb2 51. Kxg6 Rxg2+ 0-1

[Event "Titled Tue 27th May Early"]
[Site "chess.com INT"]
[Date "2025.05.27"]
[Round "8"]
[White "Toroptseva, Yevheniia"]
[Black "Demchenko, Yaroslav"]
[Result "0-1"]
[WhiteTitle "WFM"]
[BlackTitle "CM"]
[WhiteElo "2064"]
[BlackElo "2286"]
[WhiteFideId "34109374"]
[BlackFideId "14186667"]
[EventDate "2025.05.27"]

1. g3 d5 2. Bg2 e6 3. e3 Nf6 4. Ne2 Be7 5. O-O O-O 6. b3 b6 7. Bb2 Bb7 8. c4 c5
9. d4 Nbd7 10. Nbc3 cxd4 11. Nxd4 Nc5 12. Qc2 Qc8 13. cxd5 Nxd5 14. Nxd5 Bxd5
15. e4 Bb7 16. b4 Nd7 17. Qb3 Bf6 18. Rac1 Qd8 19. Rfd1 Qe7 20. Ne2 Rac8 21.
Bxf6 Nxf6 22. Qe3 Qxb4 23. e5 Nd5 24. Qd4 Qa3 25. Ra1 Rc2 26. Nf4 Nxf4 27. Qxf4
Bxg2 28. Kxg2 h6 29. Qf3 Qxf3+ 30. Kxf3 Rfc8 31. a4 R8c3+ 32. Kg2 Rc5 33. Rd7
Rxe5 34. Rxa7 Ree2 35. Rf1 Ra2 36. Rb7 Reb2 37. Ra7 Rb4 38. Rb7 Raxa4 39. Rb8+
Kh7 40. Rb7 Kg6 41. Rb8 Ra7 42. Rd8 Rb7 43. Rd3 Rb2 44. Rfd1 b5 45. h4 b4 46.
R1d2 Rxd2 47. Rxd2 b3 48. Rb2 Kf5 49. Kf3 Ke5 50. Ke3 Kd5 51. Kd3 e5 52. f3 f5
53. Kc3 e4 54. Rd2+ Ke5 55. f4+ Ke6 56. Rb2 Rc7+ 57. Kd4 Rd7+ 58. Ke3 Rb7 59.
Kf2 Kd5 60. Ke3 Kc4 61. Kd2 Kd4 62. Ke2 Kc3 63. Rb1 b2 64. Ke3 Kc2 0-1

[Event "Titled Tue 27th May Early"]
[Site "chess.com INT"]
[Date "2025.05.27"]
[Round "8"]
[White "Duda, Jan-Krzysztof"]
[Black "Shirov, Alexei"]
[Result "1-0"]
[WhiteTitle "GM"]
[BlackTitle "GM"]
[WhiteElo "2739"]
[BlackElo "2620"]
[WhiteFideId "1170546"]
[BlackFideId "2209390"]
[EventDate "2025.05.27"]

1. d4 d5 2. Nf3 Nf6 3. Bf4 c5 4. e3 Nc6 5. c3 Qb6 6. Qb3 c4 7. Qc2 Bf5 8. Qc1
Nh5 9. Bg3 Nxg3 10. hxg3 h6 11. Nbd2 e6 12. Be2 Qa5 13. e4 Bh7 14. e5 Be7 15.
Nf1 b5 16. a3 Qd8 17. Ne3 a5 18. Nd2 b4 19. a4 Rb8 20. f4 O-O 21. Kf2 f6 22.
exf6 Bxf6 23. Nf3 Be4 24. Qd2 bxc3 25. bxc3 Rb3 26. Bd1 Rb6 27. Bc2 Bxc2 28.
Qxc2 Qd6 29. Ng4 Ne7 30. Rab1 Nf5 31. Rxb6 Qxb6 32. Rb1 Qc7 33. Rb2 Nd6 34. Nd2
Be7 35. Ne5 Bf6 36. Ng6 Rb8 37. g4 Rxb2 38. Qxb2 Qf7 39. Qb8+ Ne8 40. f5 exf5
41. gxf5 Qd7 42. Nf3 Bd8 43. g4 Qc7 44. Qb5 Nf6 45. Nfe5 Ne4+ 46. Kf3 Nf6 47.
Ke2 Kh7 48. Nf8+ Kg8 49. Ne6 Qc8 50. Qc5 Qxc5 51. dxc5 Be7 52. c6 Ne8 53. Nd7
Bd6 54. Nb6 Nc7 55. Nxc7 Bxc7 56. Nxd5 Be5 57. c7 1-0

[Event "Titled Tue 27th May Early"]
[Site "chess.com INT"]
[Date "2025.05.27"]
[Round "8"]
[White "Shevchenko, Yaroslav"]
[Black "Zhou, Yuxu"]
[Result "1-0"]
[BlackTitle "CM"]
[WhiteElo "2137"]
[BlackElo "2087"]
[WhiteFideId "34144684"]
[BlackFideId "8626421"]
[EventDate "2025.05.27"]

1. e4 e6 2. d4 d5 3. e5 c5 4. c3 Nc6 5. Nf3 Nge7 6. Bd3 Nf5 7. O-O cxd4 8. Bxf5
exf5 9. cxd4 Be6 10. Bg5 Qd7 11. Nc3 h6 12. Bc1 g5 13. h4 g4 14. Ne1 Rc8 15. Be3
Be7 16. g3 f6 17. exf6 Bxf6 18. Ng2 Bf7 19. Re1 Kf8 20. Qa4 a6 21. Rad1 Kg7 22.
Ne2 Rhd8 23. Qa3 Be7 24. Qb3 b5 25. Bf4 Bf6 26. Ne3 Re8 27. a4 Na5 28. Qd3 Bg6
29. axb5 axb5 30. b3 Re4 31. Rc1 Ree8 32. h5 Bh7 33. Rc3 Rxc3 34. Qxc3 Nc6 35.
Be5 Bxe5 36. dxe5 d4 37. Qb2 Qe6 38. Nxd4 Nxd4 39. Qxd4 Re7 40. Ng2 Rd7 41. Qb2
Rd3 42. Nf4 Qxb3 43. Nxd3 Qxd3 44. e6+ Kf8 45. Qf6+ 1-0

[Event "Titled Tue 27th May Early"]
[Site "chess.com INT"]
[Date "2025.05.27"]
[Round "8"]
[White "Yevchenko, Oleksandr"]
[Black "Ejsymont, Blanka"]
[Result "1-0"]
[WhiteTitle "CM"]
[BlackTitle "WCM"]
[WhiteElo "2276"]
[BlackElo "1907"]
[WhiteFideId "14108267"]
[BlackFideId "21088268"]
[EventDate "2025.05.27"]

1. c4 e6 2. e4 c5 3. Nc3 Nc6 4. Nf3 a6 5. Be2 Nf6 6. O-O Bd6 7. d4 cxd4 8. Nxd4
Bb8 9. Be3 O-O 10. g3 d5 11. cxd5 exd5 12. exd5 Nxd5 13. Nxd5 Qxd5 14. Bf3 Qd7
15. Nxc6 bxc6 16. Rc1 Qxd1 17. Rfxd1 Bb7 18. Bxc6 Bxc6 19. Rxc6 Be5 20. b3 Rfc8
21. Rdc1 Rd8 22. Kg2 h6 23. R1c4 Rd1 24. Ra4 Rad8 25. Rcxa6 Kh7 26. Ra7 f6 27.
Re7 Bb2 28. Raa7 f5 29. a4 Ra1 30. Re6 Kh8 31. h4 Rdd1 32. a5 Rg1+ 33. Kf3 Ra3
34. Rb6 Rb1 35. a6 Bf6 36. Ra8+ Kh7 37. a7 g5 38. h5 g4+ 39. Kf4 Bg5+ 40. Kxf5
Ra5+ 41. Ke6 Rxb3 42. Rxb3 Ra6+ 43. Kf5 Rf6+ 44. Kxg4 Rf4+ 45. Bxf4 Bf6 46. Rb7+
Bg7 47. Rxg7+ Kxg7 48. Bxh6+ Kh7 49. Rb8 Kxh6 50. a8=Q Kh7 51. Qb7+ Kh6 52. Qc6+
Kh7 53. Rb7+ Kg8 54. Qc8# 1-0

[Event "Titled Tue 27th May Early"]
[Site "chess.com INT"]
[Date "2025.05.27"]
[Round "8"]
[White "Karpenko, Anton"]
[Black "Suvradeepta, Das"]
[Result "1-0"]
[WhiteTitle "CM"]
[BlackTitle "FM"]
[WhiteElo "2218"]
[BlackElo "2254"]
[WhiteFideId "34374353"]
[BlackFideId "5058031"]
[EventDate "2025.05.27"]

1. e4 e6 2. d4 d5 3. e5 c5 4. c3 Nc6 5. Nf3 Bd7 6. Be2 f6 7. O-O Qc7 8. Bf4 fxe5
9. Nxe5 Bd6 10. Nxd7 Qxd7 11. Bxd6 Qxd6 12. dxc5 Qxc5 13. Bh5+ g6 14. Bg4 Nd8
15. Re1 Kf7 16. Nd2 Nf6 17. Nf3 Nxg4 18. Ng5+ Kg7 19. Qxg4 Re8 20. Rxe6 Nxe6 21.
Nxe6+ Rxe6 22. Qxe6 Rf8 23. Rf1 Rf7 24. Qe2 d4 25. cxd4 Qxd4 26. h3 Qd5 27. a3
Qf5 28. Re1 Qf6 29. Qe5 Qxe5 30. Rxe5 Rc7 31. Kh2 Kf6 32. Re2 Rc5 33. Kg3 h5 34.
h4 Rb5 35. Kf4 Rc5 36. g3 b5 37. Rd2 Rc4+ 38. Ke3 Rc7 39. Rd6+ Kf7 40. Ra6 Rb7
41. b4 Kg7 42. Kf4 Kh6 43. Ke5 Re7+ 44. Kd4 Re2 45. f4 Rg2 46. Kc5 Rxg3 47. f5
Rg4 48. Rxg6+ Rxg6 49. fxg6 Kxg6 50. Kxb5 Kf5 51. Ka6 Kg4 52. Kxa7 Kxh4 53. b5
Kg3 54. b6 h4 55. b7 h3 56. b8=Q+ Kg2 57. Qb7+ 1-0

[Event "Titled Tue 27th May Early"]
[Site "chess.com INT"]
[Date "2025.05.27"]
[Round "8"]
[White "Nakonechnyi, Oleksii"]
[Black "Bakhmatsky, Vladislav"]
[Result "0-1"]
[WhiteTitle "CM"]
[BlackTitle "IM"]
[WhiteElo "2224"]
[BlackElo "2433"]
[WhiteFideId "34173714"]
[BlackFideId "14124890"]
[EventDate "2025.05.27"]

1. e4 a6 2. Bc4 e6 3. Bb3 b5 4. d4 Bb7 5. Nd2 Nf6 6. f3 c5 7. c3 cxd4 8. cxd4
Nc6 9. Ne2 Qb6 10. Nb1 a5 11. a3 b4 12. axb4 Bxb4+ 13. Nbc3 Ba6 14. Be3 d5 15.
Qc2 Bxe2 16. Kxe2 Nxd4+ 17. Bxd4 Qxd4 18. Ba4+ Kf8 19. Qd3 Bxc3 20. bxc3 Qxd3+
21. Kxd3 dxe4+ 22. fxe4 Ke7 23. h3 Rac8 24. Rhc1 Rhd8+ 25. Ke3 Rc4 26. Bb5 Rxe4+
27. Kf3 Re5 28. Rxa5 Kf8 29. Rca1 Rf5+ 30. Ke2 Nd5 31. c4 Nc3+ 32. Ke3 Nd1+ 33.
Ke2 Nc3+ 34. Ke3 Nxb5 35. Rxb5 Rxb5 36. cxb5 Rb8 37. Ra5 Ke7 38. Kd4 Kd6 39. Kc4
Kc7 40. Ra7+ Rb7 41. Ra6 Kb8 42. Rd6 Rc7+ 43. Kb3 Kb7 44. b6 Re7 45. Kb4 e5 46.
Kb5 e4 47. Rd2 e3 48. Re2 Re5+ 49. Kc4 Kxb6 50. Kd4 Re8 51. Rxe3 Rxe3 52. Kxe3
Kc5 53. Ke4 Kd6 54. Kf5 Ke7 55. g4 f6 56. h4 g6+ 57. Kf4 Ke6 58. Ke4 f5+ 59.
gxf5+ gxf5+ 60. Kf4 Kf6 61. Kf3 Ke5 62. Ke3 f4+ 63. Kf3 Kf5 64. h5 h6 65. Kf2
Kg4 66. Kg2 Kxh5 0-1

[Event "Titled Tue 27th May Early"]
[Site "chess.com INT"]
[Date "2025.05.27"]
[Round "8"]
[White "Li, Hui"]
[Black "Provaznik, Michal"]
[Result "0-1"]
[WhiteTitle "CM"]
[BlackTitle "CM"]
[WhiteElo "2041"]
[BlackElo "2050"]
[WhiteFideId "15400310"]
[BlackFideId "315273"]
[EventDate "2025.05.27"]

1. e4 c5 2. Nf3 Nc6 3. d4 cxd4 4. Nxd4 e6 5. Nc3 Nf6 6. Ndb5 Bb4 7. a3 Bxc3+ 8.
Nxc3 d5 9. exd5 exd5 10. Bd3 h6 11. O-O O-O 12. Bf4 Re8 13. Re1 Rxe1+ 14. Qxe1
Bg4 15. h3 Bh5 16. Qd2 Qd7 17. Re1 Re8 18. Rxe8+ Qxe8 19. Nb5 a6 20. Nd6 Qd7 21.
Nf5 Bg6 22. Ng3 Bxd3 23. Qxd3 Qe6 24. Qe2 Qxe2 25. Nxe2 Ne4 26. f3 Nc5 27. Kf2
f5 28. Be3 Ne6 29. g4 fxg4 30. hxg4 Kf7 31. Nf4 Nxf4 32. Bxf4 Nd4 33. c3 Ne6 34.
Be5 g6 35. Kg3 h5 36. f4 hxg4 37. Kxg4 Nc5 38. Bd4 Nd3 39. b3 Nc1 40. b4 Nd3 41.
f5 gxf5+ 42. Kxf5 Ke7 43. Kg6 Ke6 44. Kg5 b5 45. Kg6 Nb2 46. Kg5 Nc4 47. Kf4
Nxa3 48. Kg5 Nc2 49. Kf4 Na3 50. Kg5 Nc4 51. Kf4 a5 52. bxa5 Nxa5 53. Kg5 Nc6
54. Bc5 Ke5 55. Kg4 Ke4 56. Kg5 Kd3 57. Kf5 Kxc3 58. Ke6 Kc4 59. Kd6 Nb4 60. Bg1
d4 61. Kc7 d3 62. Be3 Nc2 63. Bd2 b4 64. Kb6 b3 65. Ka5 b2 0-1

[Event "Titled Tue 27th May Early"]
[Site "chess.com INT"]
[Date "2025.05.27"]
[Round "8"]
[White "Lazniewska, Zofia"]
[Black "Andrade, Ivan"]
[Result "0-1"]
[WhiteTitle "WFM"]
[BlackTitle "FM"]
[WhiteElo "1906"]
[BlackElo "2161"]
[WhiteFideId "21847266"]
[BlackFideId "14800039"]
[EventDate "2025.05.27"]

1. e4 c5 2. c3 Nf6 3. e5 Nd5 4. d4 cxd4 5. cxd4 d6 6. Nf3 e6 7. a3 Be7 8. Bd3
Nc6 9. O-O Qb6 10. Re1 Bd7 11. Nc3 Nxc3 12. bxc3 dxe5 13. Nxe5 Nxe5 14. Rxe5 Bd6
15. Rh5 g6 16. Rh4 Rc8 17. Rb1 Qc7 18. d5 exd5 19. Qe2+ Be6 20. Bh6 a6 21. c4 d4
22. Qe4 Qc6 23. Qxd4 Rg8 24. Re4 Be7 25. Qe5 Qc7 26. Qb2 g5 27. Qxb7 Qxb7 28.
Rxb7 Rg6 29. Rxe6 Rxe6 30. Bg7 f6 31. f3 Kf7 32. Bh6 Rd8 33. Be4 Rd1+ 34. Kf2
Rd2+ 35. Kg3 Ra2 36. Bd5 Re2 37. Bxe6+ Rxe6 38. Kg4 Kg6 39. c5 Kxh6 40. c6 Bxa3
41. c7 Rc6 42. Rb3 Bd6 43. c8=Q Rxc8 44. Ra3 Rc4+ 45. Kh3 Bxa3 46. g4 f5 47.
gxf5 Bd6 48. f6 Rh4+ 49. Kg2 Rxh2+ 50. Kf1 Ra2 51. Kg1 Kg6 52. Kh1 Kxf6 53. Kg1
Kf5 54. Kh1 Kf4 55. Kg1 Kxf3 56. Kh1 Kg3 0-1

[Event "Titled Tue 27th May Early"]
[Site "chess.com INT"]
[Date "2025.05.27"]
[Round "8"]
[White "Kopczynski, Michal"]
[Black "Sathvik Adiga"]
[Result "1-0"]
[WhiteTitle "CM"]
[BlackTitle "IM"]
[WhiteElo "2225"]
[BlackElo "2341"]
[WhiteFideId "1124200"]
[BlackFideId "25745700"]
[EventDate "2025.05.27"]

1. e4 e5 2. d4 exd4 3. c3 d5 4. exd5 Qxd5 5. cxd4 Nf6 6. Nf3 Bb4+ 7. Nc3 O-O 8.
Be2 Ne4 9. Qc2 Re8 10. Be3 Bf5 11. Bd3 Qa5 12. O-O Bxc3 13. bxc3 Nd7 14. Nh4
Ndf6 15. Nxf5 Qxf5 16. f3 Qd5 17. fxe4 Nxe4 18. Rae1 Nf6 19. Rf5 Qd7 20. Re5
Rxe5 21. dxe5 Nd5 22. Bxh7+ Kh8 23. Bf5 Qc6 24. Bd4 Nf4 25. Qe4 Qh6 26. Be3 g5
27. Bxf4 gxf4 28. e6 fxe6 29. Qxe6 Qg7 30. Qe5 Rg8 31. Qxg7+ Kxg7 32. Be4 c6 33.
Bf3 Rd8 34. Re4 Rd3 35. c4 Ra3 36. Re7+ Kf6 37. Rxb7 Rxa2 38. Bxc6 a5 39. Ra7
Ke5 40. h4 Kd4 41. h5 Re2 42. h6 Re1+ 43. Kh2 Re6 44. Bd5 Rxh6+ 45. Kg1 f3 46.
gxf3 Rg6+ 47. Kf2 Rh6 48. Rxa5 Rh2+ 49. Kg3 Rd2 50. Ra8 Ke3 51. Re8+ Kd4 52.
Re4+ Kc5 53. f4 Kb6 54. f5 Kc7 55. f6 Rd1 56. f7 Rf1 57. Rf4 Rg1+ 58. Kf2 Rg6
59. f8=Q Kb6 60. Qb4+ Kc7 61. Rf7+ Kc8 62. Qf8# 1-0